000
00279nam a2200109Ia 4500
008
190216s9999||||xx |||||||||||||| ||und||
100
_a
Taneja M L & Myer R M
245
0
_a
Self Employment On Small Scale Industries
260
_b
Cjr Tes
650
_a
References
942
_c
REF
999
_c
35832
_d
35832